Las comunidades autónomas españolas y América Latina (Record no. 42559)

MARC details
000 -LEADER
campo de control de longitud fija 00846nam a2200241 i 4500
001 - NÚMERO DE CONTROL
campo de control 42559
003 - IDENTIFICADOR DE NÚMERO DE CONTROL
campo de control ES-MaACL
005 - FECHA Y HORA DE LA ÚLTIMA TRANSACCIÓN
campo de control 20251009190533.0
007 - CAMPO FIJO DE DESCRIPCIÓN FÍSICA--INFORMACIÓN GENERAL
campo de control de longitud fija t|
008 - DATOS DE LONGITUD FIJA--INFORMACIÓN GENERAL
campo de control de longitud fija 030407s2001 sp ||||1| spa d
020 ## - NÚMERO INTERNACIONAL ESTÁNDAR DEL LIBRO
Número Internacional Estándar del Libro 84-932414-1-5
080 ## - NÚMERO DE LA CLASIFICACIÓN DECIMAL UNIVERSAL
Número de la Clasificación Decimal Universal 327(460-32:8=134)
245 04 - MENCIÓN DEL TÍTULO
Título Las comunidades autónomas españolas y América Latina
Resto del título : una nueva dimensión de la conexión Iberoamericana /
Mención de responsabilidad, etc. Christian Freres y Antonio Sanz (editores).
260 ## - PUBLICACIÓN, DISTRIBUCIÓN, ETC.
Lugar de publicación, distribución, etc. Madrid :
Nombre del editor, distribuidor, etc. A.V. Sociedad Editorial Síntesis,
Fecha de publicación, distribución, etc. [2002]
300 ## - DESCRIPCIÓN FÍSICA
Extensión 408 p. ;
Dimensiones 24 cm.
504 ## - NOTA DE BIBLIOGRAFÍA, ETC.
Nota de bibliografía, etc. Bibliografía.
651 #4 - PUNTO DE ACCESO ADICIONAL DE MATERIA--NOMBRE GEOGRÁFICO
Nombre geográfico España-
Subdivisión general Relaciones-
Subdivisión geográfica América Latina
9 (RLIN) 8454
700 1# - ENTRADA AGREGADA--NOMBRE PERSONAL
Nombre de persona Freres, Christian.
9 (RLIN) 52523
700 1# - ENTRADA AGREGADA--NOMBRE PERSONAL
Nombre de persona Sanz Trillo, Antonio
9 (RLIN) 103564
852 ## - LOCALIZACIÓN
Ubicación ES-MaACL
Número de control de estantería L-26156
Sublocalización o colección R.131838
852 ## - LOCALIZACIÓN
Ubicación ES-MaACL
Número de control de estantería L-26591
Sublocalización o colección R.132291
Holdings
Estatus retirado Estado de pérdida Estado de daño No para préstamo Biblioteca de origen Biblioteca actual Ubicación en estantería Fecha de adquisición Fuente de adquisición Total de préstamos Signatura topográfica completa Código de barras Visto por última vez Precio de reemplazo Tipo de ítem Koha
        Biblioteca del Ateneo de Madrid Biblioteca del Ateneo de Madrid Depósito 2 17/01/2008     L-26591 1044802 23/02/2023 23/02/2023 Libro impreso
        Biblioteca del Ateneo de Madrid Biblioteca del Ateneo de Madrid Depósito 2 17/01/2008     L-26156 1044801 23/02/2023 23/02/2023 Libro impreso